01459nam a2200337Ia 4500001001200000003000800012006001900020007001500039008004100054010001700095020004200112020002700154040002100181035002100202050002300223082001700246100001800263245018300281260005000464300001700514490005300531504005100584533015200635650004500787650005500832650004700887655002900934710001700963856012600980999001501106ebr10714565CaPaEBRm o u cr cn|||||||||130221s2013 ne sb 001 0 eng d z 2013007269 z9789004232228 (hardback : alk. paper) z9789004232235 (e-book) aCaPaEBRcCaPaEBR a(OCoLC)84760963214aK3830b.W45 2013eb04a346/.0922231 aWeiler, Todd.14aThe interpretation of international investment lawh[electronic resource] :bequality, discrimination, and minimum standards of treatment in historical context /cby Todd Weiler. aLeiden :bMartinus Nijhoff Publishers,c2013. axlvi, 526 p.0 aInternational litigation in practice ;vvolume 6 aIncludes bibliographical references and index. aElectronic reproduction.bPalo Alto, Calif. :cebrary,d2013.nAvailable via World Wide Web.nAccess may be limited to ebrary affiliated libraries. 0aInvestments, Foreign (International law) 0aInvestments, Foreign (International law)xHistory. 0aInvestments, ForeignxLaw and legislation. 7aElectronic books.2local2 aebrary, Inc.40uhttp://site.ebrary.com/lib/rucke/Doc?id=10714565zAn electronic book accessible through the World Wide Web; click to view c1592d1592